|
|
|
|
| LEADER |
00000nam a2200000 a 4500 |
| 001 |
UCV2804 |
| 003 |
CL-VaPUC |
| 008 |
921112e19810000IT |||||||||||||||||ita|d |
| 082 |
0 |
4 |
|a 340.1
|b LOM
|2 21
|
| 100 |
|
|
|a Lombardi Vallauri, Luigi
|e autor
|9 391919
|
| 245 |
1 |
0 |
|a Corso di filosofía del diritto
|
| 300 |
|
|
|a 647 p
|
| 942 |
|
|
|c BK
|
| 945 |
|
|
|d 19921112 00:00:00
|
| 260 |
|
|
|a Padua
|b CEDAM
|c 1981
|
| 650 |
|
0 |
|a Filosofía del derecho
|9 255050
|
| 583 |
|
|
|a last modification
|c 19921112 00:00:00
|k Rodrigo Vera
|
| 999 |
|
|
|c 210291
|d 210289
|
| 952 |
|
|
|0 0
|1 0
|4 0
|6 340_100000000000000_LOM_1981
|7 0
|8 DER_TF
|9 186410
|a BIBDER
|b BIBDER
|d 2019-11-14
|i 2538806
|o 340.1 LOM 1981
|p 2538806
|r 2023-01-25
|w 2019-11-14
|x Ubicación 4to Piso
|y BK
|z Estos recursos deben solicitarse con anticipación
|k DER
|